Sports Quiz

Random Sports or NBA Quiz

NBA Scoring Champs Since 1984 Quiz Stats

 Plays Quiz Updated Jun 14, 2018

Score 0/16 Timer 05:00
13 Plays Today
Hint Answer % Correct
1987-93; 1996-98Michael Jordan
98.8%
2008LeBron James
98.2%
2006-07Kobe Bryant
98.1%
2016Stephen Curry
97.5%
1999; 2001-02; 2005Allen Iverson
97.3%
2009Dwyane Wade
97.2%
2010-12; 2014Kevin Durant
97.1%
1995; 2000Shaquille O'Neal
96.8%
Hint Answer % Correct
2013Carmelo Anthony
96.4%
2015; 2017Russell Westbrook
95.9%
1994David Robinson
92.7%
2003-04Tracy McGrady
87.8%
1986Dominique Wilkins
87.7%
2018James Harden
66.5%
1985Bernard King
50.1%
1984Adrian Dantley
44.3%

You're not logged in!

Compare scores with friends on all Sporcle quizzes.
OR
Log In

You Might Also Like...

Show Comments

Extras

Top Quizzes Today


Score Distribution

Your Account Isn't Verified!

In order to create a playlist on Sporcle, you need to verify the email address you used during registration. Go to your Sporcle Settings to finish the process.

Report this User

Report this user for behavior that violates our Community Guidelines.

Details: